Jonah and the whale : (Record no. 8653)

MARC details
000 -LEADER
fixed length control field 00880nam a22002177a 4500
001 - CONTROL NUMBER
control field 8653
003 - CONTROL NUMBER IDENTIFIER
control field FISKH
005 - DATE AND TIME OF LATEST TRANSACTION
control field 20251008103605.0
008 - FIXED-LENGTH DATA ELEMENTS--GENERAL INFORMATION
fixed length control field 251008b cb ||||| |||| 00| 0 eng d
020 ## - INTERNATIONAL STANDARD BOOK NUMBER
International Standard Book Number 9780755499922
040 ## - CATALOGING SOURCE
Original cataloging agency FISKH
Language of cataloging eng
Transcribing agency FISKH
Modifying agency FISKH
082 ## - DEWEY DECIMAL CLASSIFICATION NUMBER
Classification number 224.92
100 ## - MAIN ENTRY--PERSONAL NAME
Personal name Parade, North
245 ## - TITLE STATEMENT
Title Jonah and the whale :
Remainder of title Bible story sound book /
260 ## - PUBLICATION, DISTRIBUTION, ETC.
Place of publication, distribution, etc. United Kingdom :
Name of publisher, distributor, etc. North Parade,
Date of publication, distribution, etc. 2013.
300 ## - PHYSICAL DESCRIPTION
Extent 12 unnumbered pages :
Other physical details color illustrations ;
Dimensions 29 cm
520 ## - SUMMARY, ETC.
Summary, etc. PICTURE STORYBOOKS. Follow the story of forgiveness in Jonah and the Whale. Discover how and why Jonah is rescued from a terrible storm at sea by a giant whale. This book is a simple and dramatic retelling for young children of the favourite Old Testament story.
650 ## - SUBJECT ADDED ENTRY--TOPICAL TERM
Topical term or geographic name entry element Bible Stories
Form subdivision Children's literature
General subdivision Forgiveness
942 ## - ADDED ENTRY ELEMENTS (KOHA)
Source of classification or shelving scheme Dewey Decimal Classification
Koha item type Books
Suppress in OPAC No
Holdings
Withdrawn status Lost status Source of classification or shelving scheme Damaged status Not for loan Collection Home library Current library Shelving location Date acquired Total Checkouts Full call number Barcode Date last seen Copy number Price effective from Koha item type
    Dewey Decimal Classification     Reference Footprints International School Library Network Toul Kork Campus Footprints International School Library Network Toul Kork Campus Librarian's Shelf TK 10/08/2025   PAR 224.92 PZ7 2025-4497 10/08/2025 1 10/08/2025 Books